Aida.
Zubin Mehta conducts Aida, Verdi’s most spectacular and over-the-top opera, in a new production from the Teatro del Maggio Musicale Fiorentino. Starring Marco Berti, Luciana D’Intino and Hui He. Verdi’s Aida is one of the most popular operas of all time. It premiered at the Cairo Opera House on Chri...
| Corporate Authors: | , |
|---|---|
| Format: | Video |
| Language: | English |
| Language Notes: | In English |
| Published: |
[San Francisco, California, USA] :
Arthaus Musik,
2011.
Kanopy Streaming, 2016. |
| Subjects: | |
| Online Access: | Connect to this streaming video |
MARC
| Tag | First Indicator | Second Indicator | Subfields |
|---|---|---|---|
| LEADER | 00000cgm a22000004a 4500 | ||
| 001 | in00003751663 | ||
| 006 | m o c | ||
| 007 | cr una---unuuu | ||
| 007 | vz uzazuu | ||
| 008 | 160825p20162011cau153 o vleng d | ||
| 005 | 20260324182014.6 | ||
| 028 | 5 | 2 | |a 1172588 |b Kanopy |
| 035 | |a (OCoLC)956906171 | ||
| 035 | |a (CaSfKAN)kan1172588 | ||
| 040 | |a VDU |b eng |c VDU |d UtOrBLW | ||
| 245 | 0 | 0 | |a Aida. |
| 264 | 1 | |b Arthaus Musik, |c 2011. | |
| 264 | 1 | |a [San Francisco, California, USA] : |b Kanopy Streaming, |c 2016. | |
| 300 | |a 1 online resource (streaming video file) (154 minutes): |b digital, .flv file, sound | ||
| 306 | |a 023335 | ||
| 336 | |a two-dimensional moving image |b tdi |2 rdacontent | ||
| 337 | |a computer |b c |2 rdamedia | ||
| 338 | |a online resource |b cr |2 carrier | ||
| 500 | |a Title from title frames. | ||
| 500 | |a Film | ||
| 518 | |a Originally produced by Arthaus Musik in 2011. | ||
| 520 | |a Zubin Mehta conducts Aida, Verdi’s most spectacular and over-the-top opera, in a new production from the Teatro del Maggio Musicale Fiorentino. Starring Marco Berti, Luciana D’Intino and Hui He. Verdi’s Aida is one of the most popular operas of all time. It premiered at the Cairo Opera House on Christmas Eve, 1871, and was an immediate commercial success. The plot of Aida is filled with political intrigue, love, betrayal, passion, and vengeance, and has captivated audiences for generations. What piqued general curiosity about this new production of Aida was undoubtedly the operatic debut of Ferzan Ozpetek, a Turkish auteur who, after settling in Italy as a student, has become one of the most prominent directors of Italian cinema in the last decade, directing acclaimed films as “La finestra di fronte” (Facing Windows) and “Mine Vaganti” (Loose Cannons).. | ||
| 538 | |a Mode of access: World Wide Web. | ||
| 546 | |a In English | ||
| 500 | |a Electronic resource. | ||
| 650 | 0 | |a Music. |0 http://id.loc.gov/authorities/subjects/sh85088762 | |
| 650 | 0 | |a Performance art. |0 http://id.loc.gov/authorities/subjects/sh85099809 | |
| 655 | 7 | |a Internet videos. |2 lcgft |0 http://id.loc.gov/authorities/genreForms/gf2011026337 | |
| 655 | 7 | |a Educational films. |2 lcgft |0 http://id.loc.gov/authorities/genreForms/gf2011026219 | |
| 710 | 2 | |a Arthaus Musik (Firm),$4dst. | |
| 710 | 2 | |a Kanopy (Firm),$4dst. | |
| 856 | 4 | 0 | |u http://proxy.library.tamu.edu/login?url=https://texasam.kanopystreaming.com/node/172589 |z Connect to this streaming video |t 0 |
| 999 | f | f | |s 88bfab77-3fbb-3478-a25c-705668b2fa16 |i f2f00d8c-b2e1-3496-890f-4dadadecb53d |t 0 |
| 952 | f | f | |a Texas A&M University |b College Station |c Electronic Resources |s www_evans |d Available Online |t 0 |h No information provided |
| 998 | f | f | |t 0 |l Available Online |